[Event "Wachtebeke-B"]
[Site "Wachtebeke"]
[Date "2024.02.14"]
[Round "7"]
[White "Raptis, Filippos"]
[Black "Verduyn, Frederic"]
[Result "0-1"]
[WhiteElo "2174"]
[BlackElo "2087"]
[PlyCount "87"]
[EventDate "2024.02.12"]
[EventType "tourn"]
[EventRounds "9"]
[EventCountry "BEL"]
[SourceTitle "CB08_2024"]
[SourceDate "2024.02.21"]
[SourceVersion "1"]
[SourceVersionDate "2024.02.21"]
[SourceQuality "1"]

1. e4 g6 2. d4 Bg7 3. Be3 d5 4. exd5 Nf6 5. c4 0-0 6. Be2 b5 7. cxb5 Nxd5 8. Nc3 Nxe3 9. fxe3 Nd7 10. Nf3 Bb7 11. 0-0 e5 12. dxe5 Qe7 13. Rc1 Nxe5 14. Nd5 Bxd5 15. Qxd5 Ng4 16. Qc5 Qxc5 17. Rxc5 Bh6 18. Ng5 Nxe3 19. Rxf7 Rxf7 20. Nxf7 Kxf7 21. Rxc7+ Kg8 22. Bf3 Rb8 23. a4 Nf5 24. Kf1 Be3 25. b4 Rd8 26. a5 Nd4 27. b6 axb6 28. axb6 Nxf3 29. b7 Nxh2+ 30. Ke2 Ba7 31. Rc8 Rf8 32. Kd3 Ng4 33. Kc4 Ne3+ 34. Kb5 Bb8 35. Kc6 Nf5 36. Kd7 Nd6 37. Rc2 Rf7+ 38. Ke6 Rxb7 39. g4 Rxb4 40. g5 Rb5 41. Ra2 Rxg5 42. Kf6 Rf5+ 43. Ke6 Rf8 44. Kd5 0-1

[Event "Wachtebeke-B"]
[Site "Wachtebeke"]
[Date "2024.02.12"]
[Round "4"]
[White "Kurt, Sascha"]
[Black "Raptis, Filippos"]
[Result "1/2-1/2"]
[WhiteElo "2002"]
[BlackElo "2174"]
[PlyCount "88"]
[EventDate "2024.02.12"]
[EventType "tourn"]
[EventRounds "9"]
[EventCountry "BEL"]
[SourceTitle "CB08_2024"]
[SourceDate "2024.02.21"]
[SourceVersion "1"]
[SourceVersionDate "2024.02.21"]
[SourceQuality "1"]

1. e4 c5 2. Nf3 Nc6 3. d4 cxd4 4. Nxd4 e5 5. Nb5 d6 6. c4 g6 7. N1c3 a6 8. Na3 Bg7 9. Nc2 Nge7 10. Be3 0-0 11. Qd2 f5 12. f3 fxe4 13. fxe4 Nd4 14. Nxd4 exd4 15. Bxd4 Nc6 16. Bxg7 Kxg7 17. 0-0-0 Bg4 18. Re1 Ne5 19. b3 Rc8 20. Kb1 b5 21. cxb5 Qa5 22. Rc1 axb5 23. Bxb5 Rxc3 24. Rxc3 Qxb5 25. h3 Qe2 26. Rc7+ Rf7 27. Rxf7+ Kxf7 28. Qxe2 Bxe2 29. Re1 Ba6 30. Kc2 Ke6 31. Kc3 Nd3 32. Re3 Nf4 33. g4 Ke5 34. Kd2 Bb7 35. b4 Bxe4 36. b5 Nd5 37. Rb3 Nb6 38. Rb4 Nd5 39. Ra4 Nb6 40. Ra7 d5 41. a4 d4 42. Rxh7 Nc4+ 43. Ke1 d3 44. Rd7 d2+ 1/2-1/2

[Event "EU-ch U14 rapid"]
[Site "Terme Catez"]
[Date "2023.09.28"]
[Round "2"]
[White "Raptis, Filippos"]
[Black "Glavac, Leo"]
[Result "0-1"]
[WhiteElo "2010"]
[BlackElo "1700"]
[PlyCount "88"]
[EventDate "2023.09.28"]
[EventType "swiss (rapid)"]
[EventRounds "9"]
[EventCountry "SLO"]
[SourceTitle "EXT 2024"]
[Source "ChessBase"]
[SourceDate "2023.10.10"]
[SourceVersion "1"]
[SourceVersionDate "2023.10.10"]
[SourceQuality "1"]

1. e4 e5 2. Nf3 Nc6 3. d4 exd4 4. Nxd4 Bc5 5. Be3 Bb6 6. Nf5 Qf6 7. c3 d6 8. Bxb6 axb6 9. Ne3 Nge7 10. g3 0-0 11. Bg2 Qg6 12. 0-0 f5 13. Nd2 f4 14. Nd5 Nxd5 15. exd5 Ne5 16. Nf3 Nxf3+ 17. Bxf3 Bh3 18. Re1 Rf6 19. Be4 Qg5 20. Qc2 h6 21. Rad1 Raf8 22. Rd2 h5 23. Kh1 h4 24. g4 f3 25. Bf5 Rxf5 26. Rd4 Rf4 27. Rxf4 Qxf4 28. Qg6 Qxg4 29. Qxg4 Bxg4 30. Re7 Rf7 31. Re8+ Kh7 32. h3 Bxh3 33. Kh2 Bg2 34. Re4 g5 35. a4 Kg6 36. b4 Kf5 37. Rd4 Re7 38. Rd1 Re2 39. Kg1 g4 40. c4 Kf4 41. a5 bxa5 42. c5 g3 43. fxg3+ Kxg3 44. cxd6 f2# 0-1